000 00330nam a2200133 4500
008 190605s1975||||xo d
245 1 0 _aDejiny slovenskej literatúry
_bPribehy z divokého západu
260 _bSAV
_aBratislava
_c1975
041 1 _aslo
044 _axo
_cSK
250 _a1. vydanie
020 _c0
958 _aA
999 _c22517
_d22517